Planejamento Sucessr̤io

Bibliographic Details
Main Author: Longo, Jos ̌Henrique
Other Authors: Kignel, Luiz, Setti Phebo, Mr̀cia
Format: eBook
Language:Portuguese
Published: San Pablo: Editora Noeses, 2014
Subjects:
Online Access:Acceso restringido

MARC

LEADER 00000nam a22000007a 4500
005 20210909235056.0
007 cr|||| ||||
008 210909s2014 br |||||s|||| 00||0 por d
020 |a 9000000052512 
035 |a 35147 
040 |a vLex 
090 |c 12388  |d 12388 
100 1 |a Longo, Jos ̌Henrique 
245 1 0 |a Planejamento Sucessr̤io  |h [Recurso electrn̤ico] /  |c Jos ̌Henrique Longo, Luiz Kignel, Mr̀cia Setti Phebo 
256 |a Servicio en ln̕ea 
260 |a San Pablo:  |b Editora Noeses,  |c 2014 
300 |a 1 recurso electrn̤ico 
500 |a O Planejamento Sucessr̤io ̌um dos alicerces para a governanȧ, o desenvolvimento e a continuidade sadia das empresas familiares. Por isso, esmia︢̇, de forma prt̀ica, objetiva e direta, os aspectos familiares, societr̀ios e tributr̀ios que envolvem a temt̀ica. 
506 1 |a Disponible solo en los productos indicados  |d vLex Global  |d vLex Global (Academic Edition, excluding Law Schools)  |d vLex Global (U.S. Academic Edition, Law Schools)  |d vLex Global (U.S. Academic Edition, excluding Law Schools)  |d vLex Global (Academic Edition, Law Schools) 
650 0 4 |a Familia y Sucesiones  |z Brasil 
700 1 |a Kignel, Luiz 
700 1 |a Setti Phebo, Mr̀cia 
740 0 |a vLex Libros (Servicio en ln̕ea) 
856 4 0 |u https://app.vlex.com/#/sources/35147  |z Acceso restringido 
942 |c BOOK 
999 0 |a Family and Successions